000
00333nam a22001457a 4500
008
210427b ||||| |||| 00| 0 eng d
020
_a
9780321819314
041
_a
eng
080
_2
4th
_a
573
082
_a
573
100
_a
11
101
_a
BIO
245
_a
Microbiology with Disease by Taxonomy
_c
Bauman,R.W
942
_2
udc
_c
BK
999
_c
56832
_d
56832